000 00910nam a22001935i 4500
001 161416
003 ES-MaACL
005 20230906212259.0
008 021008s1895 sp |||| | spa d
040 _aCCPB | B
_bspa
_cCCPB | B
100 1 _aPardo y González, Felipe.
_9130839
245 1 0 _aTopografía médica de Carrascal del Río (Segovia)
_b: memoria leida en el solemne acto para graduarse de doctor en Medicina y Cirugía /
_cpor Felipe Pardo y González.
260 _aValladolid :
_bimprenta, librería y encuadernación de Jorge Montero,
_c1895.
300 _a106 p. ;
_c21 cm.
530 _aDisponible en formato digital.
650 4 _aGeografía médica-
_zCarrascal del Rio.
_9157108
852 _aES-MaACL
_jT-858-F-7
_z-- Enc. hol., conservando la cub. original
_z-- Enc. en un vol. facticio
856 _uhttp://bdh-rd.bne.es/viewer.vm?id=0000083359&page=1
_zBiblioteca Digital Hispánica
999 _c161416
_d161416